00430cam a2200169ua 45000010005000000080039000050200018000440400009000620410008000710820008000791000030000872450072001172500009001892600029001983000013002276530020002407000141118n ii |||gr||||Z||||||eng a9879381176603 cMAIN aeng a320 aPhukan, Devojit,eEditor.1 aLook east policy and the north east IndiacEdited by Devojit Phukan a1st. aNew Delhi:bSSNN,c2013. axi,324p. aIndian politics